Neighborhoods of San Francisco Quiz Stats

 Plays Quiz not verified by Sporcle

Score 0/25 Timer 08:00
0 Plays Today
Zip Code Neighborhood % Correct
94110Mission & Bernal Heights
85.1%
94114Castro & Noe Valley
81.3%
94133North Beach & Fishermans Wharf
76.6%
94109Nob Hill & Russian Hill
74.5%
94102Hayes Valley & Tenderloin
72%
94105SOMA
71.4%
94103SOMA
71.4%
94123Marina & Cow Hollow
70.4%
94117Haight Ashbury & Cole Valley
66.7%
94104Financial District
64.9%
94108Chinatown
63.8%
94122Inner Sunset
63.6%
94116Outer Sunset
63.3%
Zip Code Neighborhood % Correct
94129Presidio
61.7%
94118Inner Richmond
58.5%
94121Outer Richmond
57.8%
94124Bayview & Hunter's Point
55.1%
94115Pacific Heights, Japan Town & Western Addition
53.7%
94131Twin Peaks & Glen Park
51.2%
94112Ingleside-Excelsior
42.3%
94111Embarcadero & Barbary Coast
40.5%
94107Potrero Hill
37.5%
94127St. Francis Wood & West Portal
25%
94132Lake Merced
19.3%
94134Visitacion Valley
18.9%

You're not logged in!

Compare scores with friends on all Sporcle quizzes.
OR
Log In

Show Comments

Extras

Top Quizzes Today


Score Distribution

Your Account Isn't Verified!

In order to create a playlist on Sporcle, you need to verify the email address you used during registration. Go to your Sporcle Settings to finish the process.

Report this User

Report this user for behavior that violates our Community Guidelines.

Details: